MARC details
| 000 -LEADER |
| fixed length control field |
03917nam a2200265 i 4500 |
| 003 - CONTROL NUMBER IDENTIFIER |
| control field |
CSPC |
| 005 - DATE AND TIME OF LATEST TRANSACTION |
| control field |
20260428160435.0 |
| 008 - FIXED-LENGTH DATA ELEMENTS--GENERAL INFORMATION |
| fixed length control field |
260428s2024 onca b 001 0 eng d |
| 020 ## - INTERNATIONAL STANDARD BOOK NUMBER |
| International Standard Book Number |
9781774697450 |
| 040 ## - CATALOGING SOURCE |
| Original cataloging agency |
CSPC |
| Language of cataloging |
eng |
| Transcribing agency |
CSPC |
| Description conventions |
rda |
| 050 00 - LIBRARY OF CONGRESS CALL NUMBER |
| Classification number |
HG4521 |
| Item number |
.A968 2024 |
| 082 00 - DEWEY DECIMAL CLASSIFICATION NUMBER |
| Edition number |
23 |
| Classification number |
332.6 |
| Item number |
Ay67i |
| 100 1# - MAIN ENTRY--PERSONAL NAME |
| Personal name |
Ayoun, Nasiruzzaman, |
| Relator term |
author. |
| 245 10 - TITLE STATEMENT |
| Title |
Investment management / |
| Statement of responsibility, etc. |
Nasiruzzaman Ayoun. |
| 264 #1 - PRODUCTION, PUBLICATION, DISTRIBUTION, MANUFACTURE, AND COPYRIGHT NOTICE |
| Place of production, publication, distribution, manufacture |
Burlington, Ontario : |
| Name of producer, publisher, distributor, manufacturer |
Toronto Academic Press, |
| Date of production, publication, distribution, manufacture, or copyright notice |
2024. |
| 300 ## - PHYSICAL DESCRIPTION |
| Extent |
xvii, 223 pages ; |
| Dimensions |
25 cm. |
| 504 ## - BIBLIOGRAPHY, ETC. NOTE |
| Bibliography, etc. note |
Includes bibliographical references and index. |
| 505 0# - FORMATTED CONTENTS NOTE |
| Formatted contents note |
Introduction to investment management -- Introduction to market microstructure -- Securities market regulation around the world -- Accounting and financial analysis -- Investment and finance decisions in capital market -- Portfolio management -- Risk budgeting -- Inflation and investment. |
| 520 ## - SUMMARY, ETC. |
| Summary, etc. |
"The term "investment management" refers to the handling of financial assets and other investments in general, not just the process of purchasing and selling investments. Managing a portfolio is coming up with a plan, either short- or long-term, for purchasing new holdings and selling off existing ones. It is possible for this to include duties and services related to banking, budgeting, and taxation.<br/>The majority of the time, this relates to the process of managing the<br/>holdings that are contained inside an investment portfolio as well as the trading of those holdings in order to accomplish a certain financial goal. Management of investments is also known as money management, portfolio management, and wealth management. Related terms are wealth management and money management. The objective of professional investment management is to achieve specific investment objectives for the benefit of clients whose funds are managed by the professional on the client's behalf. These clients may be individual investors or institutional investors such as pension funds, retirement plans, governments, educational institutions, or insurance companies. Other examples of institutional investors include educational institutions and insurance firms. Asset allocation, financial statement analysis, stock selection, monitoring of current investments, and portfolio strategy and implementation are all part of the services offered by investment management companies. In addition to managing a customer's portfolio and ensuring that it is in line with the customer's other holdings and long-term objectives, investment management may also involve financial planning and advisory services. Bonds, stocks, commodities, and real estate are just some of the numerous types of securities and financial assets that professional managers deal with on a daily basis. The manager may also be responsible for managing tangible assets such as artwork, commodities, or precious metals. Managers are able to assist in coordinating investments with retirement and estate planning, in addition to asset distribution strategies.<br/>Investment management in the context of corporate finance refers to the practice of ensuring that a company's tangible and intangible assets are properly maintained, accounted for, and utilized. This book was prepared with students and academics in mind to fulfill their requirements in terms of information and supply them with a comprehensive comprehension of investment management. Its primary audience is those in education. We hope that this book will serve as a resource for academics working in a wide variety of fields since we are confident that it will provide readers with both clarity and new perspectives"-- Back cover. |
| 650 #0 - SUBJECT ADDED ENTRY--TOPICAL TERM |
| Topical term or geographic name entry element |
Portfolio management. |
| 650 #0 - SUBJECT ADDED ENTRY--TOPICAL TERM |
| Topical term or geographic name entry element |
Investment analysis. |
| 650 #0 - SUBJECT ADDED ENTRY--TOPICAL TERM |
| Topical term or geographic name entry element |
Investments. |
| 942 ## - ADDED ENTRY ELEMENTS (KOHA) |
| Source of classification or shelving scheme |
Dewey Decimal Classification |
| Suppress in OPAC |
No |
| Koha item type |
Books |
| Edition |
23 |
| Classification part |
332.6 |
| Item part |
Ay67i |
| Call number prefix |
CIR |
| Call number suffix |
2024 |